00870nam a2200241Ia 450000100060000000300090000600800410001504000130005604000130006904100130008210000200009510000290011524500540014424500480019825000110024626000100025726000200026726000490028730000550033650001900039165000160058165000310059718374IT-RoPAU130308s9999 xx 000 0 und d aIT-RoPAU cIT-RoPAU aFRANCESE aPottier Bernard gCodice Aut. SPICS: 12924 aSur la formulation des modalites en linguistique  bModalites Logique, Linguistique, Semiotique a1a ed. aPARIS bDidier/Larousse c1976 [1° Ed.:1976 - Ed.Ling.Originale:1976] a"8 p. (prefazione: no ; testo: 8 [pagine: 39-46])" aFormulazione delle Modalità€ in Linguistica Modalità€ nella Comunicazione Plisemia dei Quattroverbi Francesi dovere Potere Sapere Volere Combinazione Sintattica indicazioni Semantiche aLINGUISTICA eCodice materia Spics: 3201